00556nam a2200169 i 450000100060000000300090000600500170001500700030003200800410003510000380007624500610011426000320017530000220020785200200022999900170024995201200026621365ES-MaACL20230906152451.0t|021125s1911 sp ||||1| spa d1 aAlberola Botella, Ginés.91929310aSan Ignacio y los jesuitas / cGinés Alberola Botella. aMadrid : bCalleja, c1911. a238 p. ; c19 cm. aES-MaACLjD-682 c21365d21365 00104070aATENEOMbATENEOMcSVId2008-01-17eSCl0oD-682p901021951r2023-02-23 00:00:00w2023-02-23yMONOGRAFIA